Boria

Bibliographic Details
Format: Book
Published: K.L : JKKN , 2005
Subjects:

MARC

LEADER 00000cam a2200000 7i4500
001 0000039632
005 20140101.0
008 140101
020 |a 9679030563 
090 0 0 |a 793.319595   |b BOR 
245 1 0 |a Boria 
260 |a K.L :   |b JKKN ,   |c 2005 
650 0 |a Boria 
650 0 |a Tarian boria 
999 |a 0000952584   |b Book   |c Adult Collection   |e Cawangan Bandar Tenggara 
999 |a 0000952585   |b Book   |c Adult Collection   |e Cawangan Bandar Tenggara 
999 |a 0001260807   |b Book   |c Adult Collection   |e Cawangan Pontian 
999 |a 0001260808   |b Book   |c Adult Collection   |e Cawangan Tmn. Ungku Tun Aminah 
999 |a 0001260810   |b Book   |c Adult Collection   |e Cawangan Taman Sri Lambak 
999 |a 0001260811   |b Book   |c Adult Collection   |e Cawangan Bandar Penawar 
999 |a 0001260812   |b Book   |c Adult Collection   |e Cawangan Muar 
999 |a 0001260813   |b Book   |c Adult Collection   |e Cawangan Tangkak 
999 |a 0001260814   |b Book   |c Adult Collection   |e Cawangan Bandar Tenggara 
999 |a 0001260815   |b Book   |c Adult Collection   |e Cawangan Mersing 
999 |a 0001260816   |b Book   |c Adult Collection   |e Cawangan Bukit Gambir 
999 |a 0001260817   |b Book   |c Adult Collection   |e Cawangan Kota Tinggi 
999 |a 0001260818   |b Book   |c Adult Collection   |e Cawangan Segamat 
999 |a 0001261750   |b Book   |c Adult Collection   |e Perbadanan Perpustakaan Awam Johor 
999 |a 0001349122   |b Book   |c Adult Collection   |e Perbadanan Perpustakaan Awam Johor